| 000 | 00344nam a2200133 a 4500 | ||
|---|---|---|---|
| 001 | 4033 | ||
| 003 | CDMR | ||
| 005 | 20130116135251.0 | ||
| 008 | 130130s2002||||||||||||||||||||||||||||d | ||
| 040 |
_aCDMR _bcat _cCDMR |
||
| 245 | 0 |
_aAnuario 2001 _bII. De los temas y sus protagonistas |
|
| 260 |
_aBarcelona _c2002 _bDifusora Internacional |
||
| 942 | _cMON | ||
| 999 |
_c4033 _d4033 |
||